Kinh tế ngoại thương dưới triều vua Minh Mạng
Vài nét khái quát về xã hội Việt Nam dưới triều vua Gia Long. Chính sách và tổ chức hoạt động kinh tế ngoại thương dưới triều vua Minh Mạng.
Đã lưu trong:
| Hovedforfatter: | |
|---|---|
| Andre forfattere: | |
| Format: | Bog |
| Sprog: | Vietnamese |
| Udgivet: |
Đà Nẵng
Đại học Đà Nẵng
2011
|
| Fag: | |
| Tags: |
Tilføj Tag
Ingen Tags, Vær først til at tagge denne postø!
|
| Thư viện lưu trữ: | Mạng thư viện Đại học Đà Nẵng |
|---|
| LEADER | 01398nam a2200337 4500 | ||
|---|---|---|---|
| 001 | 000012263 | ||
| 003 | 8557 | ||
| 005 | 20120217090216.0 | ||
| 008 | 120217s2011 viesd | ||
| 041 | |a vie | ||
| 072 | |a Khóa luận tốt nghiệp | ||
| 082 | |a 959.7029 |b NG-G | ||
| 100 | |a Nguyễn, Thị Giang |e Tác giả | ||
| 245 | |a Kinh tế ngoại thương dưới triều vua Minh Mạng |c Nguyễn Thị Giang | ||
| 260 | |a Đà Nẵng |b Đại học Đà Nẵng |c 2011 | ||
| 300 | |a 64 tr. |b Hình ảnh |c 29 cm | ||
| 500 | |a Khóa luận tốt nghiệp khoa Lịch sử. Lớp 07 SLS | ||
| 520 | |a Vài nét khái quát về xã hội Việt Nam dưới triều vua Gia Long. Chính sách và tổ chức hoạt động kinh tế ngoại thương dưới triều vua Minh Mạng. | ||
| 653 | |a Triều vua Minh Mạng | ||
| 653 | |a Kinh tế ngoại thương | ||
| 700 | |a Lưu Trang |c T.S |e Hướng dẫn | ||
| OWN | |a LSP | ||
| AVA | |a UDN50 |b LSP |d 959.7029 NG-G |e available |t Error 5001 Not defined in file expand_doc_bib_avail. |f 1 |g 0 |h N |i 0 |k 1 | ||
| 999 | |a From the UDN01 | ||
| AVA | |a UDN50 |b LSP |d 959.7029 NG-G |e available |t Error 5001 Not defined in file expand_doc_bib_avail. |f 1 |g 0 |h N |i 0 |k 1 | ||
| TYP | |a Monograph | ||
| TYP | |a Printed language | ||
| 980 | |a Mạng thư viện Đại học Đà Nẵng | ||